00987cam a2200277 a 450000100100000000500170001000800410002704000250006808200170009310000460011024500850015624600290024126000450027030000270031549000110034258600300035359000260038365000270040965000310043674000300046774000250049783000170052291000380053995201150057799900170069200004359420201002044852.0900823s19uu dr a r 000 d spa d aDO-SdBNPbspacBNPHU a862.6bB928h1 aBuero Vallejo, Antonio,d1916-200091765710aHistoria de una escalera ;by Las palabras en la arena /cAntonio Buero Vallejo.13aLas palabras en la arena a[República Dominicana :bs.n.,c19??]. a87 p. :bil. ;c16 cm.1 aTeatro aPremio Lope de Vega, 1949 aInventariado, 2019/BT 4aTeatro español93071 4aLiteratura española96320 aHistoria de una escalera.0 aPalabras en la arena 0aTeatro95617 aValidado. Control de calidad. EMS 0010718PDaPDbPDcHDd2014-03-27iLF1l0o862.6 B928hp43594-10r2020-06-25w2020-06-25yLFPDZNo se presta c43083d43083